000 03782nab a2200337 i 4500
003 BR-BrBNA
005 20240510104525.0
008 240510b2022 bl.ar|pooa||| 00| 0 eng |
040 _aBR-BrBNA
_beng
072 _aH10
_b4020
072 _aF30
100 _aOliveira, Joseane de Jesus
100 _aPassos, Eliana Maria dos
100 _aAragão, Roberta Morais
100 _aSantos, Tárcio Souza
100 _aCruz, Elizângela Mércia Oliveira
100 _aMendonça, Marcelo da Costa
245 _aControl of diamondback moth with Lippia gracilis essential oil
500 _aPublicação on-line; 32 ref.; 4 tables; 3 illus.; Summaries (En, Pt)
520 _a Abstract – The objective of this work was to evaluate the potential of the essential oils of the LGRA-106 and LGRA-108 Lippia gracilis genotypes for the control of diamondback moth (Plutella xylostella). The lethal concentrations (LCs) were estimated by two routes of action (residual and spraying), using oil concentrations ranging from 0.5 to 3.0% v v-1, diluted in Tween 80 (1.5%). To determine the effect of the LC to 50% (LC50) on the development of P. xylostella, two compounds of the L. gracilis genotypes, thymol, and carvacrol, were sprayed on the insects. The repellency of the LC50 was evaluated by residual action, in a free-choice behavioral bioassay. The LGRA-106 genotype showed a greater toxicity via residual action (LC50 = 8.82 mg mL-1), as well as a higher repellency index. LGRA-108 was more toxic via spraying (LC50= 9.64 mg mL-1). Larval development and viability were reduced in approximately 50% with LGRA-106 or thymol and up to 70% with LGRA-108 or carvacrol, which caused mortality from 1.70 to 1.97 days after spraying. The oils of the LGRA106 and LGRA-108 genotypes of L. gracilis have insecticidal activity in the control of P. xylostella. Index terms: Plutella xylostella, alecrim-da-chapada, insecticidal activity
520 _a Resumo – O objetivo deste trabalho foi avaliar o potencial do óleo essencial dos genótipos LGRA-106 e LGRA-108 de Lippia gracilis no controle de traça-das-crucíferas (Plutella xylostella). As concentrações letais (CLs) foram estimadas por duas vias de ação (residual e pulverização), com uso dos óleos em concentrações de 0,5 a 3,0% v v-1, diluídos em Tween 80 (1,5%). Para determinar o efeito da CL média (CL50) no desenvolvimento de P. xylostella, dois compostos dos genótipos de L. gracilis, timol e carvacrol, foram pulverizados nos insetos. A repelência da CL50 foi avaliada por ação residual, em bioensaio com chance de escolha. O genótipo LGRA-106 apresentou maior toxicidade via ação residual (CL50 = 8,82 mg mL-1), bem como maior índice de repelência. Já o LGRA-108 foi mais tóxico via pulverização (CL50 = 9,64 mg mL-1). O desenvolvimento e a viabilidade larval foram reduzidos em cerca de 50% com o LGRA-106 ou o timol e, em até 70%, com o LGRA-108 ou o carvacrol, que causaram mortalidade de 1,70 a 1,97 dias após a pulverização. Os óleos dos genótipos LGRA-106 e LGRA-108 de L. gracilis possuem atividade inseticida no controle de P. xylostella. Termos para indexação: Plutella xylostella, alecrim-da-chapada, atividade inseticida.
650 _aPRAGA DE PLANTA
650 _aTRAÇA-DAS-CRUCÍFERAS
650 _aCONTROLE ALTERNATIVO
650 _aÓLEO ESSENCIAL
650 _aGENÓTIPO
773 0 _0920
_925802
_dBrasília-DF Empresa Brasileira de Pesquisa Agropecuária - EMBRAPA 1966-
_o2023-436358
_tPesquisa Agropecuária Brasileira (Brazil)
_x0100-204X
_gv. 57 p. 1-9; (2022)
_wBR2024000652
856 _uhttps://www.scielo.br/j/pab/a/R3yz88Ywf5B34Vy4K9GVfNs/?format=pdf&lang=en
942 _cAnalítica
999 _c299529
_d299529